| 000 | 00431nam a22001697a 4500 | ||
|---|---|---|---|
| 003 | OSt | ||
| 020 | _a9781259001673 | ||
| 082 |
_a651.7 _bNEE/EF |
||
| 100 | _aNeera Jain | ||
| 245 | _aEffective business communication | ||
| 250 | _a1, ed. | ||
| 260 |
_aNew Delhi _bTata mcgraw hill education pvt ltd _c2012 |
||
| 300 | _a372p. | ||
| 650 | _aorganizational communication process | ||
| 700 | _aShoma mukherjee | ||
| 942 |
_2ddc _cBK |
||
| 999 |
_c191042 _d191042 |
||